| Tag |
First Indicator |
Second Indicator |
Subfields |
| LEADER |
00000cam a22000001i 4500 |
| 001 |
in00004091539 |
| 006 |
m |o d | |
| 007 |
cr |n||||||||| |
| 008 |
200227t20202020nyua fob 001 0 eng d |
| 005 |
20250816191930.3 |
| 020 |
|
|
|a 9780367853259 (electronic bk.)
|
| 020 |
|
|
|a 0367853256 (electronic bk.)
|
| 020 |
|
|
|z 9781138640177
|
| 020 |
|
|
|z 1138640174
|
| 020 |
|
|
|z 9781138640184
|
| 020 |
|
|
|z 1138640182
|
| 024 |
8 |
|
|a 40029797230
|
| 035 |
|
|
|a (NhCcYBP)ybp16560807
|
| 040 |
|
|
|a NhCcYBP
|c NhCcYBP
|d UtOrBLW
|
| 050 |
|
4 |
|a BF201
|b .N48 2020
|
| 082 |
0 |
4 |
|a 153.072/1
|2 23
|
| 245 |
0 |
0 |
|a Network science in cognitive psychology /
|c edited by Michael S. Vitevitch.
|
| 264 |
|
1 |
|a New York :
|b Routledge, Taylor & Francis Group,
|c 2020.
|
| 264 |
|
4 |
|c ©2020
|
| 300 |
|
|
|a 1 online resource.
|
| 336 |
|
|
|a text
|b txt
|2 rdacontent
|
| 337 |
|
|
|a computer
|b c
|2 rdamedia
|
| 338 |
|
|
|a online resource
|b cr
|2 rdacarrier
|
| 490 |
1 |
|
|a Frontiers of cognitive psychology
|
| 500 |
|
|
|a "A Psychology Press Book"--Front cover.
|
| 504 |
|
|
|a Includes bibliographical references and index.
|
| 588 |
|
|
|a Description based on print version record.
|
| 500 |
|
|
|a Electronic resource.
|
| 650 |
|
0 |
|a Cognitive psychology
|x Methodology.
|
| 650 |
|
0 |
|a System analysis.
|0 http://id.loc.gov/authorities/subjects/sh85131733
|
| 650 |
|
0 |
|a System theory.
|0 http://id.loc.gov/authorities/subjects/sh85131743
|
| 655 |
|
7 |
|a Electronic books.
|2 local
|
| 700 |
1 |
|
|a Vitevitch, Michael S.,
|e editor.
|
| 710 |
2 |
|
|a Taylor & Francis.
|0 http://id.loc.gov/authorities/names/n84073022
|
| 776 |
1 |
8 |
|c Original
|z 9781138640177
|z 1138640174
|z 9781138640184
|z 1138640182
|
| 830 |
|
0 |
|a Frontiers of cognitive psychology.
|0 http://id.loc.gov/authorities/names/no2013018357
|
| 856 |
4 |
0 |
|u http://proxy.library.tamu.edu/login?url=https://www.taylorfrancis.com/books/9780367853259
|z Connect to the full text of this electronic book
|t 0
|
| 955 |
|
|
|a YBP purchased approval e-records
|
| 980 |
|
|
|b 155.00
|g 1
|
| 999 |
f |
f |
|s cf4c1dfe-35aa-3c4f-b8a4-8067ee8fa36a
|i 05ec9a53-1c78-3fd8-8a30-b387207ba944
|t 0
|
| 952 |
f |
f |
|a Texas A&M University
|b College Station
|c Electronic Resources
|d Available Online
|t 0
|e BF201 .N48 2020
|h Library of Congress classification
|
| 998 |
f |
f |
|a BF201 .N48 2020
|t 0
|l Available Online
|